| 000 | 00694nam a2200217 a 4500 | ||
|---|---|---|---|
| 005 | 20251111063906.0 | ||
| 008 | 030514s2007 mx r 000 0 spa d | ||
| 020 | _a9789681912574 | ||
| 035 | _aUPN01000124202 | ||
| 049 | _aCG | ||
| 050 | 4 |
_aPN45.5 _bS9.6 |
|
| 100 | 1 | _aSuárez Caamal, Ramón Iván | |
| 245 | 1 | 0 |
_aPoesía en acción : _blineamientos para motivar la creatividad / _cRamón Iván Suárez Caamal. |
| 260 |
_aMéxico : _bSantillana, _c2007. |
||
| 300 | _a260 p. | ||
| 440 | 0 |
_aAlfaguara juvenil. _pCircular |
|
| 650 | 2 |
_aFormas literarias _99049 |
|
| 650 | 2 |
_aPoesía - _xEstudio y Enseñanza _91216 |
|
| 650 | 2 |
_aCreación (literaria, artística, etc.) _95738 |
|
| 905 | _aLibro | ||
| 999 |
_c96381 _d96381 |
||